| 000 | 00571nam a2200229Ia 4500 | ||
|---|---|---|---|
| 003 | OSt | ||
| 005 | 20221005122646.0 | ||
| 006 | a|||||r|||| 00| 0 | ||
| 007 | ta | ||
| 008 | 221004b |||||||| |||| 00| 0 tam d | ||
| 020 | _atugl | ||
| 024 | _a51221 | ||
| 037 | _cTextual | ||
| 040 |
_aCRL _cCRL _btam |
||
| 041 |
_2tam _atam |
||
| 082 | _aO35,3M48w, 31L3 | ||
| 100 |
_aKudumbarau _9632384 |
||
| 245 | 0 | _aKandukoori-Veerisalingam | |
| 650 | _aTELUGU LITERATURE | ||
| 942 |
_hO35,3M48w, 31L3 _cTEXL _2cc |
||
| 999 |
_c1044984 _d1044984 |
||